000
003280000a22001570004500
001
001329
003
MACL
040
_a
MACL
090
_c
1329
_d
1329
100
_a
Wangoo, M.l
245
_a
Teaching Of History
_c
M.l Wangoo
260
_a
Suneek Publications,
_c
2000
350
_a
150
650
_a
Education
942
_k
371
_c
Book
999
_c
1324
_d
1324